000 00762nam a2200253Ia 4500
003 OSt
005 20220928111902.0
006 a|||||r|||| 00| 0
007 ta
008 220927b |||||||| |||| 00| 0 eng d
020 _c6120.7799999999997
024 _a121569
037 _b202, 15/01/2014, Classic Book Service
_cTextual
040 _aSDCL
_cSDCL
_beng
041 _2eng
_aeng
082 _aB2817, Q2
100 _aGood Phillip I
_9425292
245 0 _aPractitioner's guide to resampling for data mining,and modeling
260 _aBoca Raton
_b CRC Press
_c2012
300 _aiii;214p
_ccm.
650 _aI I C
942 _hB2817, Q2
_cTEXL
_2CC
999 _c742303
_d742303